000 00324nam a22001457a 4500
020 _a0-330-39753-2
082 _a823
_bTOO/T
100 _aTOCZEK, NICK
245 _aTOOTHPASTE TROUBLE
260 _aLONDON
_bMAC MILLAN CHILDRENS BOOK
_c2002
300 _a84
520 _aSHORT STORY
650 _aSHORT STORY
942 _cBK
999 _c6529
_d6529